| 000 | 01353nam a2200349 a 4500 | ||
|---|---|---|---|
| 005 | 20240528104939.0 | ||
| 008 | 101001t1996||||sp a f||||||||||||spa d | ||
| 020 | _a844580507X | ||
| 041 | _aspa | ||
| 092 |
_c611 _l75 _sROU |
||
| 100 | 1 |
_aRouviere, Henri _974 |
|
| 245 |
_aAnatomía Humana. Descriptiva, topográfica y funcional. _bT.1. Cabeza y cuello / _cH. Rouviere. |
||
| 250 |
_a9a ed. revisada y aumentada _bVersión en español dirigida por E. Acosta Vidrio |
||
| 260 |
_aBarcelona: _bMasson; _c1996. |
||
| 300 |
_a616 p. _bil. |
||
| 500 | _aRouviere, H. y Delmas, A. (1996). Anatomía Humana. Descriptiva, topográfica y funcional. T.1 Cabeza y cuello. (9a ed.). Barcelona : Masson. | ||
| 653 | _aAnatomia descriptiva de cabeza y cuello | ||
| 653 | _aEsqueleto de la cabeza | ||
| 653 | _aEsqueleto del cuello | ||
| 653 | _aArticulaciones de la cabeza y el cuello | ||
| 653 | _aMusculos de la cabeza y el cuello | ||
| 653 | _aVasos de la cabeza y el cuello | ||
| 653 | _aNervios de la cabeza y el cuello | ||
| 653 | _aOrganos de los sentidos | ||
| 653 | _aDiversas partes de los aparatos digestivo y repiratorio contenidas en la cabeza y el cuello | ||
| 653 | _aAnatomía topográfica de cabeza y cuello | ||
| 653 | _aCráneo | ||
| 653 | _aCara | ||
| 653 | _aCuello | ||
| 700 | 1 |
_tDelmas, André _975 |
|
| 942 |
_2ddc _cBK |
||
| 999 |
_c2147 _d2147 |
||